| 000 | 01362nam a2200181 i 4500 | ||
|---|---|---|---|
| 001 | 154854 | ||
| 003 | ES-MaACL | ||
| 005 | 20230906205859.0 | ||
| 008 | 011030s1872 sp ae |||| | spa d | ||
| 245 | 0 | 3 |
_aLa guerra germano-francesa de 1870-71 / _credactada por la Sección de Historia del Gran Estado Mayor de Prusia ; traducida al español por una comisión del Cuerpo de Estado Mayor del Ejército. |
| 260 |
_aMadrid : _b[s.n.], _c1872 ( _fImp. y litografía del Depósito de la Guerra) |
||
| 300 |
_a1 v. (pág. variada) : _bil. ; _c24 cm. |
||
| 505 | 8 | _aContiene: Primera parte. Historia de la guerra hasta la caida del Imperio : Entrega 1ª. Sucesos del mes de julio ; Entrega 2ª. Sucesos militares hasta la víspera de las batallas de Woerth y de Spicheren ; Entrega 3ª. Batallas de Woert y de Spicheren ; Entrega 4ª. Marcha del III Ejército sobre la Mosela : acontecimientos militares hasta la tarde del 14 de agosto ; Entrega 5ª y última del tomo I. Observaciones verificadas alrededor de Metz, los dias 15, 16 y 17 de agosto. Batalla de Vionville-Mars-La-Tour (VIII, 693, 151, [3] p., [9] planos) | |
| 596 | _aEntrega 2ª impresa en 1873 y entregas 3ª a 5ª en 1874. | ||
| 650 | 4 |
_aGuerra franco-prusiana, 1870-1871. _9136210 |
|
| 710 | 1 |
_aEspaña. _bCuerpo de Estado Mayor del Ejército. _9140419 |
|
| 852 |
_aES-MaACL _jG-6634 _z- Enc. hol. |
||
| 999 |
_c154854 _d154854 |
||